Drak sa vracia /

Uložené v:
Podrobná bibliografia
Hlavný autor: Chrobák, Dobroslav, 1907-1951 (Author)
Médium: Kniha
Jazyk:Slovak
Vydané: Bratislava : Slovenské vydavateľstvo krásnej literatúry, 1962.
Vydanie:1. vyd.
Edícia:Kvety ; zv. 17
ISBN: (viaz.)
Fyzický popis: 182 s.
Tagy: Pridať tag
Žiadne tagy, Buďte prvý kto otaguje tento záznam!

MARC

LEADER 00000nam a22000001 4500
001 000444635
005 20131123172914.0
008 020505s1962 xo e slo d
020 |a (viaz.)  |c Kčs 23,00 
040 |a SVKKK  |b slo  |c SVKKK  |e AACR2 
041 0 |a slo 
044 |a xo  |c SK 
100 1 |a Chrobák, Dobroslav,  |d 1907-1951  |4 aut 
245 1 0 |a Drak sa vracia /  |c Dobroslav Chrobák. 
250 |a 1. vyd. 
260 |a Bratislava :  |b Slovenské vydavateľstvo krásnej literatúry,  |c 1962. 
300 |a 182 s. 
490 1 |a Kvety ;  |v zv. 17 
830 0 |a Kvety ;  |v zv. 17 
910 |a svkkk 
998 |a BK 
090 |g SCKHL  |k Sklad Pribinova prízemie  |a I.17326  |j 293217  |i 2720204983  |s Absenčne